000 01555nam a2200277Ia 4500
999 _c52570
_d52570
001 19594
003 GE_BSU
005 20250313124702.0
008 181216s2016||||ge |||||||||||||| ||geo||
040 _cGE_BSU
041 _ageo
080 _a27-36 თ-56
245 _a Ⴇვენი. [ტ.] 5, 11 თებერვალი - 20 თებერვალი (ახალი სტილით 24 თებერვალი - 4 მარტი) /
_c პროექტის ავტორი და რედაქტორი თამარ მამაცაშვილი ; შემდგენელი კახაბერ კენკიშვილი ; დიზაინერი რატი თორდია.
250 _a9789941244438
264 _aთბილისი :
_bპალიტრა L,
_c2016.
300 _a360 გვ. ;
_c22 სმ.
490 _aჟურნალ "კარიბჭის" ბიბლიოთეკა
541 _h6ლ.
653 _aთვენი. 11თებერვალი -20 თებერვალი 5
653 _aწმინდანთა ცხოვრება
653 _aრელიგია
700 _aმამაცაშვილი, თამარ
_eპროექტის ავტორი, რედაქტორი
_924549
700 _aკენკიშვილი, კახაბერ
_eშემდგენელი
_924550
700 _aთორდია, რატი
_eდიზაინერი
_924551
942 _cBK
_2udc